Thea Stilton and the secret of the old castle / (Record no. 6533)
[ view plain ]
| 000 -LEADER | |
|---|---|
| fixed length control field | 01188nam a22003017a 4500 |
| 001 - CONTROL NUMBER | |
| control field | 6533 |
| 003 - CONTROL NUMBER IDENTIFIER | |
| control field | FISKH |
| 005 - DATE AND TIME OF LATEST TRANSACTION | |
| control field | 20260319150022.0 |
| 008 - FIXED-LENGTH DATA ELEMENTS--GENERAL INFORMATION | |
| fixed length control field | 250508b cb ||||| |||| 00| 0 eng d |
| 020 ## - INTERNATIONAL STANDARD BOOK NUMBER | |
| International Standard Book Number | 9780545341073 |
| 040 ## - CATALOGING SOURCE | |
| Original cataloging agency | FISKH |
| Language of cataloging | eng |
| Transcribing agency | FISKH |
| Modifying agency | FISKH |
| 050 ## - LIBRARY OF CONGRESS CALL NUMBER | |
| Classification number | PZ7 .T3389 |
| 082 ## - DEWEY DECIMAL CLASSIFICATION NUMBER | |
| Classification number | 843.914 |
| 100 ## - MAIN ENTRY--PERSONAL NAME | |
| Personal name | Stilton, Geronimo |
| Dates associated with a name | (1958-) |
| 245 ## - TITLE STATEMENT | |
| Title | Thea Stilton and the secret of the old castle / |
| Statement of responsibility, etc. | Geronimo Stilton |
| 250 ## - EDITION STATEMENT | |
| Edition statement | This edition first published in 2009 |
| 260 ## - PUBLICATION, DISTRIBUTION, ETC. | |
| Place of publication, distribution, etc. | New York : |
| Name of publisher, distributor, etc. | Scholastic, |
| Date of publication, distribution, etc. | 2009 |
| 300 ## - PHYSICAL DESCRIPTION | |
| Extent | 159 pages : |
| Other physical details | color illustrations ; |
| Dimensions | 20 cm |
| 505 ## - FORMATTED CONTENTS NOTE | |
| Formatted contents note | R<br/> |
| 520 ## - SUMMARY, ETC. | |
| Summary, etc. | "When the Thea Sisters' friend Bridget returns to Scotland for a family emergency, the five mice offer to help. And when Bridget goes missing, they have to rush to Scotland to find her! Along the way, the Thea Sisters encounter Celtic legends, cryptic messages, and hidden treasures on a trip that's full of surprises!" -- p. [4] of cover.<br/> |
| 521 8# - TARGET AUDIENCE NOTE | |
| Target audience note | 700<br/> |
| Source | Lexile<br/> |
| 521 8# - TARGET AUDIENCE NOTE | |
| Target audience note | R<br/> |
| Source | Raz-Plus<br/> |
| 650 ## - SUBJECT ADDED ENTRY--TOPICAL TERM | |
| Source of heading or term | Middle grade |
| Topical term or geographic name entry element | Mystery |
| 650 ## - SUBJECT ADDED ENTRY--TOPICAL TERM | |
| Source of heading or term | Chapter book |
| Topical term or geographic name entry element | Adventures |
| 700 ## - ADDED ENTRY--PERSONAL NAME | |
| Personal name | Brandi, Jacopo |
| Dates associated with a name | illustrator |
| 942 ## - ADDED ENTRY ELEMENTS (KOHA) | |
| Source of classification or shelving scheme | Dewey Decimal Classification |
| Koha item type | Books |
| Suppress in OPAC | No |
| Withdrawn status | Lost status | Source of classification or shelving scheme | Damaged status | Not for loan | Collection | Home library | Current library | Shelving location | Date acquired | Total Checkouts | Full call number | Barcode | Date due | Date last seen | Date last checked out | Copy number | Price effective from | Koha item type |
|---|---|---|---|---|---|---|---|---|---|---|---|---|---|---|---|---|---|---|
| Dewey Decimal Classification | Juvenile Fiction | Footprints International School Library Network Toul Tom Poung Campus | Footprints International School Library Network Toul Kork Campus | TTP Primary Orange Bookshelves | 05/08/2025 | 2 | STI 843.914 PZ7 .T3389 | 2025-1218 | 05/14/2026 | 04/30/2026 | 04/30/2026 | 1 | 05/08/2025 | Books |
